Apuntes de derecho urbanístico

Uloženo v:
Podrobná bibliografie
Hlavní autor: Pizarro Asenjo, José Antonio (Autor)
Médium: Kniha
Jazyk:španělština
Vydáno: Bilbao Universidad del País Vasco 2004
Vydání:1a. ed
Témata:
Tagy: Přidat tag
Žádné tagy, Buďte první, kdo vytvoří štítek k tomuto záznamu!

MARC

LEADER 00000nam a2200000 a 4500
001 UCK7350
003 CL-VaPUC
008 051118e20040000SP |||||||||||||||||spa|d
020 |a 8483735822 
082 0 4 |a 343.460256  |b PIZ  |2 21 
100 0 |a Pizarro Asenjo, José Antonio  |e author  |9 496876 
245 1 0 |a Apuntes de derecho urbanístico 
250 |a 1a. ed 
300 |a 258 p 
942 |c BK 
945 |d 20051118 00:00:00  |a cmena 
260 |a Bilbao  |b Universidad del País Vasco  |c 2004 
650 0 |a Planificación urbana   |9 258176 
650 7 |a USO DE SUELOS  |2 CL-VaPUC  |9 475258 
650 0 |a Derecho y legislación   |9 255077 
650 0 |a Jurisprudencia  |9 255952 
651 0 |a España  |9 254926 
583 |a last modification  |c 20051118 00:00:00  |k Rodrigo Vera 
999 |c 315335  |d 315333 
952 |0 0  |1 0  |4 0  |6 343_460256000000000_PIZ_2004  |7 0  |8 A  |9 388439  |a BIBDER  |b BIBDER  |d 2019-11-22  |i 4181433  |o 343.460256 PIZ 2004  |p 4181433  |r 2023-01-25  |w 2019-11-22  |y BK  |k DER